<?xml version="1.0" encoding="UTF-8"?>
<collection xmlns="http://www.loc.gov/MARC21/slim">
    <record>
        <controlfield tag="001">63171</controlfield>
        <controlfield tag="005">20210121114547.0</controlfield>
        <datafield tag="024" ind1="7" ind2=" ">
            <subfield code="2">doi</subfield>
            <subfield code="a">10.5546/aap.2015.e6</subfield>
        </datafield>
        <datafield tag="024" ind1="8" ind2=" ">
            <subfield code="2">sideral</subfield>
            <subfield code="a">89768</subfield>
        </datafield>
        <datafield tag="037" ind1=" " ind2=" ">
            <subfield code="a">ART-2015-89768</subfield>
        </datafield>
        <datafield tag="041" ind1=" " ind2=" ">
            <subfield code="a">spa</subfield>
        </datafield>
        <datafield tag="100" ind1=" " ind2=" ">
            <subfield code="a">Beisti Ortego, A</subfield>
        </datafield>
        <datafield tag="245" ind1=" " ind2=" ">
            <subfield code="a">Hypogonadotropic hypogonadism in Klinefelter syndrome and hypothalamic-pituitary tumor</subfield>
        </datafield>
        <datafield tag="260" ind1=" " ind2=" ">
            <subfield code="c">2015</subfield>
        </datafield>
        <datafield tag="506" ind1="0" ind2=" ">
            <subfield code="a">Access copy available to the general public</subfield>
            <subfield code="f">Unrestricted</subfield>
        </datafield>
        <datafield tag="520" ind1="3" ind2=" ">
            <subfield code="a">El síndrome de Klinefelter es la causa más frecuente de hipogonadismo hipergonadotropo en el varón. La supresión en la respuesta al estímulo con hormona liberadora de la hormona luteinizante en estos pacientes debe hacer sospechar como posible etiología una tumoración a nivel hipotalámico. Se presenta el caso de un paciente diagnosticado a los 4 meses con síndrome de Klinefelter mediante cribado neonatal, con cariotipo 47 XXY, en el que se realizan controles clínicos y analíticos seriados y se encuentran, a los 17 años, valores suprimidos de hormona luteinizante y hormona folículo estimulante. Inicia, posteriormente, cefalea y amaurosis de ojo izquierdo, y se encuentra, en una resonancia magnética cerebral, un tumor germinal mixto a nivel hipotalámico, que precisa tratamiento quirúrgico, quimioterapia y radioterapia, con respuesta favorable.   

Klinefelter Syndrome is the most frequent cause of hypergonadotropic hypogonadism in men. A flat response at luteinizing hormone releasing hormone stimulation test could be the first sign of hypothalamic tumor in these patients. We report the case of a patient diagnosed by neonatal screening with Klinefelter Syndrome, 47 XXY, that at 17 years follow-up presents analytical modification of the response to luteinizing hormone releasing hormone stimulation test with suppressed luteinizing hormone and follicle-stimulating hormone values; lately he presents with headache and loss of left eye vision. A magnetic resonance imaging of the brain showed a mixed germ cell hypothalamus tumor, requiring surgery, chemotherapy and radiotherapy with optimal response.</subfield>
        </datafield>
        <datafield tag="540" ind1=" " ind2=" ">
            <subfield code="9">info:eu-repo/semantics/openAccess</subfield>
            <subfield code="a">by-nc-nd</subfield>
            <subfield code="u">http://creativecommons.org/licenses/by-nc-nd/3.0/es/</subfield>
        </datafield>
        <datafield tag="590" ind1=" " ind2=" ">
            <subfield code="a">0.53</subfield>
            <subfield code="b">2015</subfield>
        </datafield>
        <datafield tag="591" ind1=" " ind2=" ">
            <subfield code="a">PEDIATRICS</subfield>
            <subfield code="b">110 / 120 = 0.917</subfield>
            <subfield code="c">2015</subfield>
            <subfield code="d">Q4</subfield>
            <subfield code="e">T3</subfield>
        </datafield>
        <datafield tag="592" ind1=" " ind2=" ">
            <subfield code="a">0.211</subfield>
            <subfield code="b">2015</subfield>
        </datafield>
        <datafield tag="593" ind1=" " ind2=" ">
            <subfield code="a">Pediatrics, Perinatology and Child Health</subfield>
            <subfield code="c">2015</subfield>
            <subfield code="d">Q3</subfield>
        </datafield>
        <datafield tag="655" ind1=" " ind2="4">
            <subfield code="a">info:eu-repo/semantics/article</subfield>
            <subfield code="v">info:eu-repo/semantics/publishedVersion</subfield>
        </datafield>
        <datafield tag="700" ind1=" " ind2=" ">
            <subfield code="0">(orcid)0000-0002-2865-5813</subfield>
            <subfield code="a">De Arriba Muñoz, A</subfield>
            <subfield code="u">Universidad de Zaragoza</subfield>
        </datafield>
        <datafield tag="700" ind1=" " ind2=" ">
            <subfield code="0">(orcid)0000-0002-5750-7350</subfield>
            <subfield code="a">Ferrer Lozano,M.</subfield>
        </datafield>
        <datafield tag="700" ind1=" " ind2=" ">
            <subfield code="a">Martínez de Zabarte Fernánadez, JM</subfield>
        </datafield>
        <datafield tag="700" ind1=" " ind2=" ">
            <subfield code="a">Calvo Escribano, C.</subfield>
        </datafield>
        <datafield tag="700" ind1=" " ind2=" ">
            <subfield code="0">(orcid)0000-0003-2832-2266</subfield>
            <subfield code="a">Labarta Aizpún, J. I.</subfield>
            <subfield code="u">Universidad de Zaragoza</subfield>
        </datafield>
        <datafield tag="710" ind1="2" ind2=" ">
            <subfield code="1">1006</subfield>
            <subfield code="2">245</subfield>
            <subfield code="a">Universidad de Zaragoza</subfield>
            <subfield code="b">Dpto. Fisiatría y Enfermería</subfield>
            <subfield code="c">Área Educación Física y Depor.</subfield>
        </datafield>
        <datafield tag="710" ind1="2" ind2=" ">
            <subfield code="1">1010</subfield>
            <subfield code="2">670</subfield>
            <subfield code="a">Universidad de Zaragoza</subfield>
            <subfield code="b">Dpto. Pediatría Radiol.Med.Fís</subfield>
            <subfield code="c">Área Pediatría</subfield>
        </datafield>
        <datafield tag="773" ind1=" " ind2=" ">
            <subfield code="g">113, 1 (2015), e6-e9</subfield>
            <subfield code="p">Arch. argent. pediatr.</subfield>
            <subfield code="t">Archivos Argentinos de Pediatria</subfield>
            <subfield code="x">0325-0075</subfield>
        </datafield>
        <datafield tag="856" ind1="4" ind2=" ">
            <subfield code="s">1126431</subfield>
            <subfield code="u">http://zaguan.unizar.es/record/63171/files/texto_completo.pdf</subfield>
            <subfield code="y">Versión publicada</subfield>
        </datafield>
        <datafield tag="856" ind1="4" ind2=" ">
            <subfield code="s">107520</subfield>
            <subfield code="u">http://zaguan.unizar.es/record/63171/files/texto_completo.jpg?subformat=icon</subfield>
            <subfield code="x">icon</subfield>
            <subfield code="y">Versión publicada</subfield>
        </datafield>
        <datafield tag="909" ind1="C" ind2="O">
            <subfield code="o">oai:zaguan.unizar.es:63171</subfield>
            <subfield code="p">articulos</subfield>
            <subfield code="p">driver</subfield>
        </datafield>
        <datafield tag="951" ind1=" " ind2=" ">
            <subfield code="a">2021-01-21-11:20:07</subfield>
        </datafield>
        <datafield tag="980" ind1=" " ind2=" ">
            <subfield code="a">ARTICLE</subfield>
        </datafield>
    </record>

    
</collection>